All countries starting with "E"- Map Quiz (official English spelling) - Statistics

General Stats
  • This quiz has been taken 127 times
    109 since last reset
  • The average score is 8 of 9
Answers on the Map
Answers color-coded by a green-red scale on the quiz's map according to % correct below.
 
Answer Stats
Answer % Correct
Estonia
96%
Ecuador
95%
Eritrea
95%
El Salvador
91%
Ethiopia
89%
Eswatini
88%
Equatorial Guinea
80%
Egypt
79%
East Timor
76%
No matching quizzes found
Score Distribution
Percent of People with Each Score
Percentile by Number Answered
Your Score History
You have not taken this quiz since the last reset